Представление документа в формате RUSMARC

ПолеНазваниеЗначение
  Тип записи a
  Библиографический уровень m
001 Контрольный номер b77428abf8f74352bffd1b96ed3f74c0
005 Дата корректировки 20150204163318.0
010 Индекс ISBN __
a ISBN 978-5-392-16901-6
d Цена 401,00
101 Язык документа 0_
a Язык текста rus
102 Страна публикации __
a Страна публикации RU
200 Заглавие и сведения об ответственности 1_
e Сведения, относящиеся к заглавию учебное пособие
b Общее обозначение материала Текст
a Заглавие Практикум по информационным технологиям в профессиональной деятельности
f Первые сведения об ответственности Е. В. Михеева
210 Выходные данные 1_
a Место издания Москва
c Издательство Проспект
d Дата издания 2015
215 Физическое описание __
a Объем 288 с.
300 Общие примечания __
a Общие примечания Для студентов средних профессиональных учебных заведений
610 Ключевые слова 0_
a Ключевые слова практическое пособие
a Ключевые слова компьютер
a Ключевые слова информационные технологии
a Ключевые слова профессиональная деятельность
a Ключевые слова практические работы
a Ключевые слова консультантплюс
a Ключевые слова консультант+
a Ключевые слова бухгалтерия
a Ключевые слова бухгалтерская информация
a Ключевые слова 1С:Бухгалтерия
a Ключевые слова электронные коммуникации
a Ключевые слова web-страницы
a Ключевые слова word
a Ключевые слова excel
a Ключевые слова access
686 Индексы других классификаций __
a Классификационный индекс 32.97
700 Автор _1
a Фамилия Михеева
b Имя Е. В.
801 Источник записи _0
a Страна RU
b Организация РУК
g Правила каталогизации PSBO
852 Данные о местонахождении __
i Авторский знак М 69
j Шифр хранения ББК 32.97
901 Тип документа __
t Тип документа m
937 Технологическая информация __
a Создатель записи (имя) Михно
938 Служебная информация __
a Название организации Поволжский филиал
952 Тип литературы __
c Вид литературы практикум
952 Тип литературы __
c Вид литературы учебное пособие